000 01525cam a22004454i 4500
003 PE-LiUPU
005 20250731173011.0
008 150623s1991 xxua r 000 0 eng d
020 _a0904748588
035 _a(Sirsi) i9780904748581
040 _aPE-LiUPU
_bspa
_cPE-LiUPU
_erda
049 _aPRUA
082 0 4 _a220
_bM26
_221
100 1 _aMarshall, David,
_eautor.
245 1 4 _aThe battle for the book /
_cDavid Marshall.
264 1 _aAlma Park, Grantham, England :
_bThe Stanborough Press,
_c1991.
300 _a255 páginas :
_bilustraciones fotos ;
_c20 centímetros
336 _atext
_2rdacontent
337 _aunmediated
_2rdamedia
338 _avolume
_2rdacarrier
505 0 _aWhere the Bible came from -- Battle for the Bible -- The story of the english Bible -- Archaelogy and the Bible -- In conclusion.
526 _aSEG42
526 _aSEG41
526 _aSEG40
526 _aSEG39
526 _aP94
526 _aP87
526 _aP86
526 _aP85
526 _aP77
526 _aP76
526 _aP35
630 _aBiblia
_xHistoria.
942 _2ddc
_cBOOK
949 _a220 M26
_wDEWEY
_c1
_i46594
_lCCODEBUL1
_mBUL
_r0
_sY
_tBOOK
_u2015-6-24
_xTEOLOGIA
_zUNKNOWN
_0COMPRA
_o.STAFF. Colección Teología
994 _aC0
_bPEPRU
596 _a1
999 _a220 M26
_wDEWEY
_c23357
_i46594
_f2021-11-9
_g5
_lCCODEBUL1
_mBUL
_p30.00
_r0
_sY
_tBOOK
_u2015-6-24
_xTEOLOGIA
_PP35
_0COMPRA
_o.STAFF. Colección Teología
_d23357
980 _81
_gALBERTO SANCHEZ Responsable de Automatización